000 00662nam a22002537a 4500
003 OSt
005 20140310184312.0
008 121112t xxu||||| |||| 00| 0 eng d
020 _a0439686245
050 _aPZ 7
_b.Al456 2004
100 _aAlphonso, Sophie
_923338
245 _aTrapped in Space :
_bthe story of Apollo 13 /
_cSophie Alphonso.
260 _aNew York :
_bScholastic Inc.,
_c2004.
300 _a40 p. :
_bill. ;
_c20 cm.
521 _aG3
526 _c580
650 _aFicition
_xJuvenile
_929882
942 _2lcc
_cBK-SCHOLAS
999 _c33538
_d33538